BIBLIOTHÈQUE DE LA MAISON DU MEXIQUE

Logo 1 Logo 2

Aguas, que arden (notice nᵒ 6835)

détails MARC
000 -Sello discográfico
campo de control de longitud fija 00837nam a2200277 4500
005 - Identificación de versión
campo de control 20251017062712.0
010 ## - Número Estándar Internacional de Libros (ISBN)
Número (ISBN) 968-29-8707-5
099 ## - fechas locales
Tipo de ítem Koha LIBRO
100 ## - Datos de procesamiento general
Datos de procesamiento general 20230915d1996 m y1spay5003 ba
105 ## - Campo de datos codificados: Material textual, monográfico
Datos codificados de monografía a 001gy
200 1# - Título y mención de responsabilidad
Título propio Aguas, que arden
Designación general del material texto impreso
Primer mención de responsabilidad José Luis Engel
210 ## - Publicación, distribución, etc.
Lugar de publicación, distribución, etc. México
Nombre del editor, distribuidor, etc. Consejo Nacional para la Cultura y las Artes
-- Instituto Cultural de Aguascalientes
Fecha de publicación, distribución, etc. 1996
215 ## - Descripción física
Designación de material específico y extensión del ítem 118 p
Otras características físicas il.
Dimensiones 22 cm
345 ## - Nota de información de adquisición
Fuente de adquisición/dirección de la suscripción [OBSOLETO] Donación
410 #1 - Series
Título Los cincuenta
606 ## - Término temático usado como materia
Elemento de entrada Poesía mexicana
Subdivisión cronológica Siglo XX
Número Koha 10
660 ## - Código de área geográfica
Código MX
700 ## - Nombre personal - Responsabilidad primaria
Elemento de entrada Engel Hernández
Parte del nombre distinta del elemento de entrada José Luis
Fechas 1955-
Número Koha 12855
801 #0 - Fuente de origen
País FR
Agencia cm
Reglas de catalogación (convenciones descriptivas) AFNOR
900 ## -
-- 1/22395
900 ## -
-- 7100417642\080104
942 ## - ELEMENTOS DE ENTRADA SECUNDARIOS (KOHA)
Tipo de ítem Koha Livre
996 ## -
-- MEX
-- 751145101
-- MMAG
-- 008545
-- 861.4 E57A
-- 20230915LIV
Exemplaires
Estatus retirado Estado de daño Estado de pérdida Fecha de adquisición Biblioteca de origen Biblioteca actual Ubicación en estantería Código de barras Precio de reemplazo Signatura topográfica completa No para préstamo Tipo de ítem Koha Nota pública Nota no pública
      05/08/2025 Casa México Paris Casa México Paris   008545 05/08/2025 861.4 E57A   Livre 20230915LIV 751145101